01224nam a2200289 u 4500001001000000003000900010005001700019007000300036008004100039040002500080082002100105100003000126245015900156260003800315300003500353500006300388500002100451500008200472590006200554590002600616650007300642700003700715910003700752942001400789952011400803999001700917000020959DO-SdBNP20220224092458.0ta100825s1986 dr r 001 0 spa d aDO-SdBNPbspacBNPHU a324.97293bC764c1 aContreras, Darío94389710aComportamiento electoral dominicana :belecciones dominicanas 1962 -1982, datos y análisis /cDarío Contrera ; presentación Leopordo A. Espaillat H. aSanto Domingo :bCorripio,c1986. a146p. :bil., retrs. ;c28 cm. aIncluye datos biográficos del autor en la contracubierta aIncluye índice aA la cabeza del titulo: Elecciones dominicanas 1962 - 1982: datos y analisis. aLa biblioteca posee un ejemplar autografiado por el autor aInventariado, 2018/BT 4aEleccioneszRepública Dominicanay1962-1982xEstadísticas94389812aEspaillat H., Leopoldo A.943899 aValidado. Control de calidad MFF 2ddccLBS1 00102ddc53708PDaBNPHUbBNPHUcHDd2010-08-25l0o324.97293 C764cp20959-10r2020-06-25w2020-06-25yLFPD c20462d20462